000
00269nam a22001217a 4500
008
170204b xxu||||| |||| 00| 0 eng d
041
_a
eng
080
_2
4TH
_a
61
100
_a
3
101
_a
SHM
245
_a
GUIDE DE ANALYSES SPECIALISEES
_c
FUNES, A
942
_2
udc
_c
BK
999
_c
4632
_d
4632